Szinészet

Bibliographic Details
Format: Article
Language:Hungarian
Slovak
Subjects:

MARC

LEADER 00000nab a2200000 a 4500
001 vtls000998304
003 SK-MaSNL
005 20260318122227.0
008 040720e18830000xo 0 hun
035 |a RVH912 
040 |a RVGKPD  |b slo  |c RVGKPD  |e AACR2 
041 0 |a slo 
044 |a xo  |c SK 
080 |a 792.2  |2 1981 
245 0 0 |a Szinészet 
650 0 7 |a divadlo  |2 RVGKPD  |9 3335 
650 0 7 |a divadelné predstavenia  |2 RVGKPD  |9 3328 
651 7 |a Budapešť (Maďarsko)  |2 RVGKPD  |9 17734 
651 7 |a Rožňava (Slovensko)  |2 RVGKPD  |9 17394 
655 7 |a periodikum  |2 snkbucl  |9 29553 
773 0 8 |t Rozsnyói Hiradó  |g Roč. 6, č.52, 30.12.1883, s. 3 
852 |a ZVYKNI  |b KIS3GCP 
999 |c 3198136  |d 3200066